NFL 2025 Head Coaches - Statistics

General Stats
  • This quiz has been taken 144 times
    108 since last reset
  • The average score is 24 of 32
Answer Stats
Hint Answer % Correct
Lions Dan Campbell
92%
Steelers Mike Tomlin
92%
Bears Ben Johnson
89%
Chargers Jim Harbaugh
88%
Ravens John Harbaugh
88%
Dolphins Mike Mcdaniel
88%
Rams Sean McVay
88%
Vikings Kevin O’connell
86%
49ers Kyle Shanahan
86%
Packers Matt LaFleur
85%
Patriots Mike Vrabel
85%
Chiefs Andy Reid
83%
Giants Brian Daboll
83%
Raiders Pete Carroll
83%
Commanders Dan Quinn
80%
Browns Kevin Stefanski
80%
Broncos Sean Payton
80%
Eagles Nick Sirianni
78%
Bucs Todd Bowles
78%
Bengals Zac Taylor
77%
Bills Sean McDermott
71%
Texans DeMeco Ryans
69%
Seahawks Mike Macdonald
66%
Jets Aaron Glenn
65%
Panthers Dave Canales
62%
Colts Shane Steichen
62%
Cowboys Brian Schottenheimer
60%
Jaguars Liam Coen
60%
Titans Brian Callahan
55%
Falcons Raheem Morris
55%
Saints Kellen Moore
54%
Cardinals Jonathan Gannon
52%
No matching quizzes found
Score Distribution
Percent of People with Each Score
Percentile by Number Answered
Your Score History
You have not taken this quiz since the last reset